Capital Cities Closest to the Black Sea - Statistics

General Stats
  • This quiz has been taken 17 times
  • The average score is 18 of 20
Answer Stats
km Capital miles % Correct
186 Ankara 116
100%
550 Athens 342
100%
694 Baku 431
100%
198 Bucharest 123
100%
428 Kiev 266
100%
250 Tbilisi 155
100%
623 Belgrade 387
93%
121 Chisinau 75
93%
849 Minsk 528
93%
498 Skopje 309
93%
289 Yerevan 180
93%
821 Budapest 510
86%
339 Sofia 211
86%
644 Tirana 400
86%
843 Damascus 524
79%
672 Podgorica 418
79%
768 Sarajevo 477
79%
515 Pristina 320
71%
813 Beirut 505
64%
685 Nicosia 426
57%
No matching quizzes found
Score Distribution
Percent of People with Each Score
Percentile by Number Answered
Your Score History
You have not taken this quiz